[Event "Online Olym Div2 D"]
[Site "Chess.com INT"]
[Date "2021.09.04"]
[Round "9.1"]
[White "Ibarra Chami, Luis Fernando"]
[Black "Karim, Ismael"]
[Result "1-0"]
[WhiteElo "2451"]
[BlackElo "2351"]
[PlyCount "107"]
[EventDate "2021.09.02"]
[EventType "team (rapid)"]
[EventRounds "9"]
[EventCountry "USA"]
[SourceTitle "CBM 204 Extra"]
[Source "ChessBase"]
[SourceDate "2021.11.30"]
[SourceVersion "1"]
[SourceVersionDate "2021.11.30"]
[SourceQuality "1"]
[WhiteTeam "Mexico"]
[BlackTeam "Morocco"]
[WhiteTeamCountry "MEX"]
[BlackTeamCountry "MAR"]

1. c4 c5 2. Nc3 Nf6 3. e4 Nc6 4. f4 e6 5. Nf3 d5 6. e5 d4 7. exf6 dxc3 8. fxg7 cxd2+ 9. Qxd2 Bxg7 10. Qxd8+ Kxd8 11. Be3 b6 12. 0-0-0+ Ke7 13. Bd3 Bb7 14. Be4 Rad8 15. f5 Bf6 16. g4 Rxd1+ 17. Rxd1 Rd8 18. Re1 Na5 19. Bxb7 Nxb7 20. g5 Bd4 21. f6+ Ke8 22. Bxd4 cxd4 23. Re4 Na5 24. b3 Nc6 25. Rh4 e5 26. Nd2 Kd7 27. Rxh7 Ke6 28. h4 d3 29. h5 Nd4 30. Rg7 Ne2+ 31. Kb2 e4 32. Nxe4 d2 33. Nf2 d1Q 34. Nxd1 Rxd1 35. g6 Rd2+ 36. Ka3 a5 37. b4 Nc1 38. bxa5 Rxa2+ 39. Kb4 bxa5+ 40. Kb5 fxg6 41. f7 Ke7 42. hxg6 Rb2+ 43. Kxa5 Rb8 44. Rg8 Nb3+ 45. Ka6 Nc5+ 46. Ka7 Rf8 47. Kb6 Nd7+ 48. Kb5 Nf6 49. Rxf8 Kxf8 50. c5 Nd5 51. c6 Kg7 52. Kc5 Ne7 53. c7 Nc8 54. Kc6 1-0

[Event "Online Olym Div2 D"]
[Site "Chess.com INT"]
[Date "2021.09.04"]
[Round "8.1"]
[White "Karim, Ismael"]
[Black "Fier, Alexandr"]
[Result "0-1"]
[WhiteElo "2351"]
[BlackElo "2564"]
[PlyCount "82"]
[EventDate "2021.09.02"]
[EventType "team (rapid)"]
[EventRounds "9"]
[EventCountry "USA"]
[SourceTitle "CBM 204 Extra"]
[Source "ChessBase"]
[SourceDate "2021.11.30"]
[SourceVersion "1"]
[SourceVersionDate "2021.11.30"]
[SourceQuality "1"]
[WhiteTeam "Morocco"]
[BlackTeam "Brazil"]
[WhiteTeamCountry "MAR"]
[BlackTeamCountry "BRA"]

1. e4 c5 2. Nf3 e6 3. c4 Nc6 4. d4 cxd4 5. Nxd4 Nf6 6. Nc3 Bb4 7. Nxc6 bxc6 8. Bd3 e5 9. 0-0 d6 10. h3 Bc5 11. Re1 0-0 12. Be3 Bxe3 13. Rxe3 Be6 14. Be2 Qc7 15. b3 Rfd8 16. Rd3 a5 17. Bf3 Ne8 18. Qd2 Rdb8 19. Bg4 Qc8 20. Qe2 g6 21. Bxe6 Qxe6 22. Rad1 Rb4 23. Qe3 Qe7 24. c5 dxc5 25. Rd7 Qf8 26. Na4 Rd4 27. Qc3 Nf6 28. R7xd4 cxd4 29. Qxc6 Kg7 30. Nb6 Re8 31. Nc4 Qb4 32. f3 Qc3 33. Qb5 Qc2 34. Rd2 Qc1+ 35. Kh2 h5 36. Qxa5 h4 37. Qa3 Qe1 38. Qb2 Nh5 39. Re2 Qg3+ 40. Kh1 Nf4 41. Rf2 Nd3 0-1

[Event "Titled Tuesday intern op 7th July"]
[Site "Chess.com INT"]
[Date "2020.07.07"]
[Round "5"]
[White "Karim, Ismael"]
[Black "Efremov, Vladislav"]
[Result "1-0"]
[WhiteElo "2351"]
[BlackElo "2188"]
[PlyCount "85"]
[EventDate "2020.07.07"]
[EventType "swiss (blitz)"]
[EventRounds "10"]
[EventCountry "USA"]
[SourceTitle "CBM 197 Extra"]
[Source "ChessBase"]
[SourceDate "2020.09.30"]
[SourceVersion "1"]
[SourceVersionDate "2020.09.30"]
[SourceQuality "1"]

1. e4 c5 2. Nf3 e6 3. c3 Nf6 4. e5 Nd5 5. g3 Nc6 6. Bg2 d6 7. exd6 Bxd6 8. 0-0 0-0 9. d4 b6 10. c4 Nde7 11. Nc3 Bb7 12. Ne4 cxd4 13. Nxd4 Nxd4 14. Qxd4 Nf5 15. Qc3 Be7 16. Bf4 Bxe4 17. Bxe4 Bf6 18. Qc2 Nd4 19. Qd3 Rc8 20. Bxh7+ Kh8 21. Be4 e5 22. Be3 Qc7 23. Qd1 g6 24. Rc1 Rfd8 25. Qg4 Qd7 26. Qxd7 Rxd7 27. Rfe1 Rdc7 28. b3 b5 29. Bd5 bxc4 30. bxc4 Rc5 31. Kg2 Kg7 32. f4 exf4 33. gxf4 Nf5 34. Bxc5 Rxc5 35. Rb1 Bd4 36. Rb7 Ne3+ 37. Kf3 Nxd5 38. cxd5 Rxd5 39. Ree7 Rd8 40. Rxf7+ Kg8 41. Rfd7 Rxd7 42. Rxd7 Bg7 43. Rxa7 1-0

[Event "Titled Tuesday intern op 7th July"]
[Site "Chess.com INT"]
[Date "2020.07.07"]
[Round "1"]
[White "Karim, Ismael"]
[Black "Livaic, Leon"]
[Result "1/2-1/2"]
[WhiteElo "2351"]
[BlackElo "2507"]
[PlyCount "129"]
[EventDate "2020.07.07"]
[EventType "swiss (blitz)"]
[EventRounds "10"]
[EventCountry "USA"]
[SourceTitle "CBM 197 Extra"]
[Source "ChessBase"]
[SourceDate "2020.09.30"]
[SourceVersion "1"]
[SourceVersionDate "2020.09.30"]
[SourceQuality "1"]

1. e4 e6 2. d4 d5 3. exd5 exd5 4. Nf3 Nf6 5. Bd3 Bd6 6. Qe2+ Be6 7. Ng5 Qe7 8. Nxe6 Qxe6 9. Qxe6+ fxe6 10. 0-0 0-0 11. Re1 Ng4 12. f3 Bxh2+ 13. Kf1 e5 14. dxe5 Nxe5 15. Be2 Nbd7 16. Rd1 c6 17. c4 dxc4 18. Bxc4+ Nxc4 19. Rxd7 Rad8 20. Rxd8 Rxd8 21. Nc3 Be5 22. Bg5 Rd7 23. Re1 h6 24. Bc1 Bxc3 25. bxc3 Rd3 26. Re7 Rxc3 27. Bf4 Rc2 28. Rxb7 Rxa2 29. Rc7 Ra6 30. Ke2 g5 31. Kd3 Nb2+ 32. Kc2 gxf4 33. Kxb2 Rb6+ 34. Kc3 a5 35. Ra7 Rb5 36. Kd4 Rb4+ 37. Ke5 a4 38. Kf6 h5 39. Ra8+ Kh7 40. Ra7+ Kh6 41. Ra8 Rb7 42. Rxa4 Rg7 43. Ra8 Rg6+ 44. Kf5 Rxg2 45. Rh8+ Kg7 46. Rxh5 Rc2 47. Kxf4 Kf6 48. Rh6+ Ke7 49. Ke4 Kd7 50. f4 Re2+ 51. Kf5 c5 52. Rh8 c4 53. Kf6 c3 54. Rh3 c2 55. Rc3 Kd6 56. f5 Kd5 57. Kg6 Kd4 58. Rc8 Rg2+ 59. Kf7 Kd3 60. f6 Rg1 61. Kf8 c1Q 62. Rxc1 Rxc1 63. f7 Rf1 64. Ke7 Rxf7+ 65. Kxf7 1/2-1/2

[Event "Titled Tuesday intern op 7th July"]
[Site "Chess.com INT"]
[Date "2020.07.07"]
[Round "10"]
[White "Varshini, Veileven"]
[Black "Karim, Ismael"]
[Result "1-0"]
[WhiteElo "2226"]
[BlackElo "2351"]
[PlyCount "49"]
[EventDate "2020.07.07"]
[EventType "swiss (blitz)"]
[EventRounds "10"]
[EventCountry "USA"]
[SourceTitle "CBM 197 Extra"]
[Source "ChessBase"]
[SourceDate "2020.09.30"]
[SourceVersion "1"]
[SourceVersionDate "2020.09.30"]
[SourceQuality "1"]

1. e4 e5 2. Nf3 Nf6 3. Nxe5 Nxe4 4. Qe2 Qe7 5. Qxe4 d6 6. d4 dxe5 7. dxe5 Nc6 8. Bb5 Bd7 9. 0-0 0-0-0 10. Bf4 Nxe5 11. Qxe5 Bxb5 12. Qxb5 h5 13. Nc3 a6 14. Qf5+ Qd7 15. Qxd7+ Rxd7 16. Rad1 Bb4 17. Rxd7 Kxd7 18. Rd1+ Kc6 19. g3 Re8 20. Kf1 f6 21. h4 Bxc3 22. bxc3 Re4 23. Rd4 Re6 24. Rc4+ Kb5 25. Rxc7 1-0

[Event "Gibraltar Masters 17th"]
[Site "Caleta"]
[Date "2019.01.27"]
[Round "6"]
[White "Batsiashvili, Nino"]
[Black "Karim, Ismael"]
[Result "1-0"]
[WhiteElo "2459"]
[BlackElo "2347"]
[PlyCount "79"]
[EventDate "2019.01.22"]
[EventType "swiss"]
[EventRounds "10"]
[EventCountry "GGB"]
[SourceTitle "CBM 188 Extra"]
[Source "ChessBase"]
[SourceDate "2019.02.26"]
[SourceVersion "1"]
[SourceVersionDate "2019.02.26"]
[SourceQuality "1"]

1. d4 Nf6 2. c4 e6 3. g3 c5 4. Nf3 cxd4 5. Nxd4 Bb4+ 6. Bd2 Bc5 7. Nb3 Be7 8. Bg2 Nc6 9. 0-0 b6 10. Nc3 Ba6 11. Nb5 Rc8 12. a4 d5 13. Rc1 0-0 14. Bg5 Bb7 15. Bxf6 Bxf6 16. cxd5 exd5 17. Qxd5 Bxb2 18. Rb1 Qf6 19. Nxa7 Na5 20. Qb5 Bxg2 21. Kxg2 Rc2 22. Nxa5 bxa5 23. Qd3 Qg6 24. e4 Rc3 25. Qe2 Ba3 26. Nb5 Bb4 27. Nxc3 Bxc3 28. Rb5 Re8 29. Qc4 Bb4 30. Rd1 h6 31. Rf5 Kh7 32. Rd7 f6 33. h4 Rf8 34. Qe6 Re8 35. Qc6 Rf8 36. Qb7 Be1 37. Rd1 Bb4 38. h5 Qe8 39. Rd7 Rg8 40. Rxf6 1-0

[Event "Gibraltar Masters 17th"]
[Site "Caleta"]
[Date "2019.01.26"]
[Round "5"]
[White "Karim, Ismael"]
[Black "Cramling, Pia"]
[Result "1/2-1/2"]
[WhiteElo "2347"]
[BlackElo "2462"]
[PlyCount "70"]
[EventDate "2019.01.22"]
[EventType "swiss"]
[EventRounds "10"]
[EventCountry "GGB"]
[SourceTitle "CBM 188 Extra"]
[Source "ChessBase"]
[SourceDate "2019.02.26"]
[SourceVersion "1"]
[SourceVersionDate "2019.02.26"]
[SourceQuality "1"]

1. Nf3 d5 2. g3 g6 3. Bg2 Bg7 4. d4 Nh6 5. c4 c6 6. cxd5 cxd5 7. Ne5 0-0 8. Nc3 e6 9. 0-0 f6 10. Nf3 Nc6 11. Re1 Nf7 12. b3 Re8 13. h3 b6 14. Ba3 Bb7 15. Rc1 Qd7 16. e3 Ba6 17. Qd2 Rac8 18. Qb2 Nd6 19. h4 Nb5 20. Bf1 Nb8 21. Nxb5 Bxb5 22. Bh3 Nc6 23. Qd2 a5 24. Rc3 Na7 25. Rec1 Ba6 26. Rxc8 Rxc8 27. Ne1 Rxc1 28. Qxc1 Kf7 29. Qc2 Nb5 30. Bb2 Qc7 31. Qd1 Nc3 32. Qc2 Nb5 33. Qd1 Nc3 34. Qc2 Nb5 35. Qd1 Nc3 1/2-1/2

[Event "Gibraltar Masters 17th"]
[Site "Caleta"]
[Date "2019.01.24"]
[Round "3"]
[White "Karim, Ismael"]
[Black "Gunina, Valentina"]
[Result "1/2-1/2"]
[WhiteElo "2347"]
[BlackElo "2501"]
[PlyCount "70"]
[EventDate "2019.01.22"]
[EventType "swiss"]
[EventRounds "10"]
[EventCountry "GGB"]
[SourceTitle "CBM 188 Extra"]
[Source "ChessBase"]
[SourceDate "2019.02.26"]
[SourceVersion "1"]
[SourceVersionDate "2019.02.26"]
[SourceQuality "1"]

1. Nf3 d5 2. g3 c6 3. Bg2 Bg4 4. d3 Nd7 5. Nbd2 e6 6. h3 Bh5 7. 0-0 Bd6 8. e4 Ne7 9. Qe1 0-0 10. Nh4 Ng6 11. Nxg6 Bxg6 12. Nf3 h6 13. Nh4 Bh7 14. f4 dxe4 15. dxe4 Qb6+ 16. Kh1 Rad8 17. Qe2 Nc5 18. b3 Be7 19. Bb2 Bxh4 20. gxh4 f5 21. exf5 Bxf5 22. Qe5 Rd7 23. Ba3 Rd5 24. Bxd5 cxd5 25. Qd4 Rc8 26. Rg1 Be4+ 27. Kh2 e5 28. fxe5 Ne6 29. Qxb6 Rxc2+ 30. Kg3 axb6 31. Rac1 Rxa2 32. Ra1 Rc2 33. Rac1 Ra2 34. Ra1 Rc2 35. Rac1 Ra2 1/2-1/2

[Event "Barcelona Sant Marti op-A 19th"]
[Site "Barcelona"]
[Date "2017.07.18"]
[Round "6"]
[White "Ryan, Joseph"]
[Black "Karim, Ismael"]
[Result "0-1"]
[WhiteElo "2284"]
[BlackElo "2361"]
[PlyCount "114"]
[EventDate "2017.07.13"]
[EventType "swiss"]
[EventRounds "9"]
[EventCountry "ESP"]
[SourceTitle "EXT 2018"]
[Source "ChessBase"]
[SourceDate "2017.10.13"]
[SourceVersion "1"]
[SourceVersionDate "2017.10.13"]
[SourceQuality "1"]

1. d4 d6 2. e4 Nf6 3. Nc3 g6 4. f4 Bg7 5. Nf3 0-0 6. e5 dxe5 7. dxe5 Nh5 8. Qxd8 Rxd8 9. Bc4 Bh6 10. g3 Nc6 11. Kf2 Ng7 12. Ne4 Na5 13. Bd3 b6 14. Bd2 Nc6 15. Bc3 Be6 16. h4 Nf5 17. h5 Bg7 18. Neg5 Bd5 19. hxg6 hxg6 20. Bxf5 gxf5 21. Rag1 f6 22. exf6 exf6 23. Nh7 Kf7 24. g4 fxg4 25. Rxg4 Rg8 26. Rhg1 Ne7 27. Nh4 Be6 28. R4g3 Rad8 29. f5 Bc8 30. Rxg7+ Rxg7 31. Rxg7+ Kxg7 32. Nxf6 Kf7 33. Ne4 Bxf5 34. Ng5+ Ke8 35. Nxf5 Nxf5 36. Ne6 Rd7 37. Kf3 Ke7 38. Nf4 Rd1 39. Nd3 Rh1 40. Ke4 Nd6+ 41. Kd5 Kd7 42. Ne5+ Kc8 43. Nc6 Rd1+ 44. Ke6 Nb5 45. Be5 Kb7 46. Nb4 Nd4+ 47. Kd5 Nxc2+ 48. Kc4 Nxb4 49. Kxb4 c5+ 50. Kb3 Re1 51. Bg7 Re3+ 52. Kc2 Kc6 53. a3 b5 54. Bf6 a5 55. Bg7 a4 56. Bf8 Kd5 57. b4 axb3+ 0-1

[Event "Barcelona Sant Marti op-A 19th"]
[Site "Barcelona"]
[Date "2017.07.15"]
[Round "3"]
[White "Karim, Ismael"]
[Black "Sumit, Kumar1111"]
[Result "1/2-1/2"]
[WhiteElo "2361"]
[BlackElo "1975"]
[PlyCount "74"]
[EventDate "2017.07.13"]
[EventType "swiss"]
[EventRounds "9"]
[EventCountry "ESP"]
[SourceTitle "EXT 2018"]
[Source "ChessBase"]
[SourceDate "2017.10.13"]
[SourceVersion "1"]
[SourceVersionDate "2017.10.13"]
[SourceQuality "1"]

1. e4 e5 2. Nf3 Nc6 3. Nc3 Nf6 4. Bb5 Bb4 5. 0-0 0-0 6. d3 d6 7. Ne2 Ne7 8. c3 Ba5 9. Ng3 Ng6 10. d4 c6 11. Bd3 h6 12. h3 Re8 13. Be3 Bc7 14. Qc2 Qe7 15. Rfe1 Be6 16. a4 Nh7 17. Qd2 Nh4 18. Nxh4 Qxh4 19. d5 Bd7 20. Bc4 a6 21. b4 Nf6 22. Qd3 cxd5 23. Bxd5 Nxd5 24. Qxd5 Bc6 25. Qd3 b5 26. c4 bxa4 27. b5 axb5 28. cxb5 Bb7 29. b6 Bb8 30. Qb5 Rd8 31. Rxa4 Rxa4 32. Qxa4 d5 33. Bc5 dxe4 34. Nf5 Qf4 35. Ne7+ Kh7 36. Nc6 Rc8 37. Ne7 Rd8 1/2-1/2

[Event "Barbera del Valles op 40th"]
[Site "Barbera del Valles"]
[Date "2017.07.05"]
[Round "2"]
[White "Karim, Ismael"]
[Black "Vantika, Agrawal"]
[Result "1/2-1/2"]
[WhiteElo "2361"]
[BlackElo "2230"]
[PlyCount "98"]
[EventDate "2017.07.04"]
[EventType "swiss"]
[EventRounds "9"]
[EventCountry "ESP"]
[SourceTitle "EXT 2018"]
[Source "ChessBase"]
[SourceDate "2017.10.13"]
[SourceVersion "1"]
[SourceVersionDate "2017.10.13"]
[SourceQuality "1"]

1. e4 c5 2. Nf3 e6 3. d4 cxd4 4. Nxd4 Nc6 5. Nc3 Qc7 6. Be2 a6 7. Be3 Nf6 8. 0-0 Bb4 9. Na4 Be7 10. Nxc6 bxc6 11. Nb6 Rb8 12. Nxc8 Qxc8 13. Bd4 c5 14. Be5 Rb6 15. Bf3 d6 16. Bc3 0-0 17. a4 Ne8 18. a5 Rb8 19. Be2 Nc7 20. Qd3 Nb5 21. f4 Nxc3 22. bxc3 Bf6 23. Rf3 c4 24. Qxc4 Qxc4 25. Bxc4 Rfc8 26. Bxa6 Bxc3 27. Bxc8 Bxa1 28. Bd7 Bd4+ 29. Kf1 Rb1+ 30. Ke2 Ra1 31. Rb3 g5 32. Kd3 Bc5 33. Rb5 gxf4 34. Bc8 Be3 35. a6 Kg7 36. Bb7 Kf6 37. Rb3 Kg6 38. Ke2 Bc5 39. Rc3 Kf6 40. Rh3 Kg6 41. Rf3 Kg5 42. g3 fxg3 43. hxg3 f6 44. Bc8 h5 45. Rc3 Ra2 46. Kd3 Ra4 47. Bb7 Kg4 48. Ke2 Ra1 49. Bc8 Kg5 1/2-1/2

[Event "FRA-chT Top 12"]
[Site "Haguenau"]
[Date "2013.06.06"]
[Round "8.7"]
[White "Ider, Borya"]
[Black "Karim, Ismael"]
[Result "1-0"]
[WhiteElo "2389"]
[BlackElo "2405"]
[PlyCount "65"]
[EventDate "2013.05.30"]
[EventType "team-tourn"]
[EventRounds "11"]
[EventCountry "FRA"]
[SourceTitle "CBM 154 Extra"]
[Source "ChessBase"]
[SourceDate "2013.06.25"]
[SourceVersion "2"]
[SourceVersionDate "2013.06.25"]
[SourceQuality "1"]
[WhiteTeam "Mulhouse Philidor"]
[BlackTeam "Grasse Echecs"]
[WhiteTeamCountry "FRA"]
[BlackTeamCountry "FRA"]

1. d4 d6 2. Nf3 Nf6 3. g3 g6 4. Bg2 Bg7 5. 0-0 0-0 6. a4 Na6 7. Nc3 d5 8. Bg5 Ne4 9. Nxe4 dxe4 10. Nd2 h6 11. Be3 f5 12. Qc1 g5 13. Nb3 Qe8 14. f3 exf3 15. exf3 f4 16. gxf4 Bf5 17. fxg5 hxg5 18. c3 Qf7 19. Nd2 e5 20. dxe5 Bd3 21. Ne4 Bxf1 22. Nxg5 Qh5 23. Qxf1 Bxe5 24. f4 Bg7 25. Qc4+ Kh8 26. Ne6 Rae8 27. Bd4 Rxe6 28. Qxe6 Bxd4+ 29. cxd4 c6 30. Rf1 Re8 31. Qf6+ Kh7 32. Rf3 Rg8 33. Kf2 1-0

[Event "Al Ain op 1st"]
[Site "Al Ain"]
[Date "2012.12.23"]
[Round "2"]
[White "Solomons, Anzel"]
[Black "Karim, Ismael"]
[Result "0-1"]
[WhiteElo "1928"]
[BlackElo "2383"]
[PlyCount "40"]
[EventDate "2012.12.22"]
[EventType "swiss"]
[EventRounds "9"]
[EventCountry "UAE"]
[SourceTitle "CBM 152 Extra"]
[Source "ChessBase"]
[SourceDate "2013.02.25"]
[SourceVersion "1"]
[SourceVersionDate "2013.02.25"]
[SourceQuality "1"]

1. d4 d6 2. Nf3 g6 3. e3 Bg7 4. Bd3 Nd7 5. 0-0 e5 6. Nbd2 Ne7 7. b3 Nc6 8. Bb2 0-0 9. a3 h6 10. c4 f5 11. dxe5 dxe5 12. e4 Nc5 13. Bb1 f4 14. Qc2 a5 15. Bc3 g5 16. Ba2 g4 17. Ne1 Ne6 18. b4 Ncd4 19. Qd1 f3 20. c5 Ne2+ 0-1

[Event "FRA-chT Top 12"]
[Site "Belfort"]
[Date "2012.06.02"]
[Round "3.6"]
[White "Bellahcene, Bilel"]
[Black "Karim, Ismael"]
[Result "1/2-1/2"]
[WhiteElo "2347"]
[BlackElo "2405"]
[PlyCount "68"]
[EventDate "2012.05.31"]
[EventType "team-tourn"]
[EventRounds "11"]
[EventCountry "FRA"]
[SourceTitle "CBM 148 Extra"]
[Source "ChessBase"]
[SourceDate "2012.06.22"]
[SourceVersion "1"]
[SourceVersionDate "2012.06.22"]
[SourceQuality "1"]
[WhiteTeam "Bischwiller"]
[BlackTeam "Grasse"]
[WhiteTeamCountry "FRA"]
[BlackTeamCountry "FRA"]

1. d4 d6 2. e4 Nf6 3. Nc3 e5 4. Nf3 Nbd7 5. Bc4 Be7 6. 0-0 Nb6 7. Be2 exd4 8. Nxd4 0-0 9. a4 a5 10. f4 Re8 11. Bf3 Bf8 12. Kh1 c6 13. b3 Nbd7 14. Re1 g6 15. Ba3 Qc7 16. Qd2 Nc5 17. Rad1 Bg4 18. Bxg4 Nxg4 19. h3 Nf6 20. Bxc5 dxc5 21. Nf3 Bh6 22. e5 Nh5 23. Ne2 Rad8 24. Qe3 b6 25. g4 Ng7 26. Qf2 Ne6 27. Rxd8 Qxd8 28. f5 Ng5 29. Ng3 Qd5 30. Kg2 Bg7 31. e6 fxe6 32. c4 Qxf3+ 33. Qxf3 Nxf3 34. Kxf3 gxf5 1/2-1/2

[Event "FRA-chT Top 12"]
[Site "Belfort"]
[Date "2012.05.31"]
[Round "1.7"]
[White "Karim, Ismael"]
[Black "Sochacki, Christophe"]
[Result "1-0"]
[WhiteElo "2405"]
[BlackElo "2412"]
[PlyCount "63"]
[EventDate "2012.05.31"]
[EventType "team-tourn"]
[EventRounds "11"]
[EventCountry "FRA"]
[SourceTitle "CBM 148 Extra"]
[Source "ChessBase"]
[SourceDate "2012.06.22"]
[SourceVersion "1"]
[SourceVersionDate "2012.06.22"]
[SourceQuality "1"]
[WhiteTeam "Grasse"]
[BlackTeam "Evry Grand Roque"]
[WhiteTeamCountry "FRA"]
[BlackTeamCountry "FRA"]

1. e4 c5 2. Nf3 d6 3. Bb5+ Nd7 4. 0-0 a6 5. Bd3 Ngf6 6. c3 b5 7. Bc2 Bb7 8. d4 e6 9. Re1 Be7 10. Nbd2 cxd4 11. cxd4 Rc8 12. Nf1 Qc7 13. Bd3 0-0 14. Ng3 Bc6 15. Bd2 Rfe8 16. Rc1 Qb7 17. Qe2 Nf8 18. Rc2 Ng6 19. Rec1 Bd7 20. Rxc8 Rxc8 21. Re1 Rc6 22. h4 b4 23. h5 Nf8 24. h6 g6 25. Bg5 Bc8 26. e5 dxe5 27. Bxf6 Bxf6 28. dxe5 Be7 29. Be4 Nd7 30. Nd4 Nxe5 31. Nxc6 Nxc6 32. Qf3 1-0

[Event "Gibraltar Masters 10th"]
[Site "Caleta"]
[Date "2012.01.30"]
[Round "7"]
[White "Osuna Vega, Enrique"]
[Black "Karim, Ismael"]
[Result "1/2-1/2"]
[WhiteElo "2122"]
[BlackElo "2405"]
[PlyCount "310"]
[EventDate "2012.01.24"]
[EventType "swiss"]
[EventRounds "10"]
[EventCountry "GGB"]
[SourceTitle "CBM 147"]
[Source "ChessBase"]
[SourceDate "2012.03.16"]
[SourceVersion "1"]
[SourceVersionDate "2012.03.16"]
[SourceQuality "1"]

1. e4 g6 2. d4 d6 3. Nc3 Bg7 4. Be3 c6 5. Qd2 Nd7 6. Nf3 Qc7 7. a4 Ngf6 8. h3 0-0 9. Bh6 e5 10. dxe5 dxe5 11. Be3 Qa5 12. Ne2 Qxd2+ 13. Nxd2 Re8 14. Nc3 Bf8 15. Nb3 Bb4 16. Bd3 Nh5 17. 0-0 Nf4 18. Rfd1 a5 19. Bc4 Nf6 20. f3 Be6 21. Bxe6 Nxe6 22. Ne2 Be7 23. g4 h5 24. Kg2 hxg4 25. hxg4 Kg7 26. Rh1 Nd7 27. Rh2 Ndc5 28. Nxc5 Bxc5 29. Bxc5 Nxc5 30. Nc3 Rad8 31. Kf1 Ne6 32. Rc1 Kf6 33. Ke2 Rh8 34. Rf2 Rh3 35. Ke3 Ke7 36. Ne2 Ng5 37. Ng1 Rhh8 38. Ne2 Rd7 39. Nc3 Rhd8 40. Rh1 Ne6 41. Rhh2 Rd4 42. b3 R4d6 43. Nb1 Rd1 44. Nc3 Rc1 45. Rd2 Nd4 46. f4 Rf1 47. Rhf2 Rh1 48. Rh2 Rg1 49. Rhg2 Rf1 50. Rgf2 Re1+ 51. Ne2 exf4+ 52. Rxf4 Ne6 53. Rxd8 Nxf4 54. Rd2 Ne6 55. Kf2 Rh1 56. Kg2 Re1 57. Kf2 Ra1 58. Ng3 Ng5 59. Re2 Nh3+ 60. Ke3 Rg1 61. Kf3 b6 62. Rh2 Ng5+ 63. Kf2 Rc1 64. Ke3 b5 65. axb5 cxb5 66. Rd2 a4 67. bxa4 bxa4 68. Rd5 Nh3 69. Ra5 Rxc2 70. Ne2 Ra2 71. Nc3 Rc2 72. Nd5+ Ke6 73. Rxa4 Ng5 74. Nf4+ Kf6 75. Ra6+ Kg7 76. Ra5 Rc3+ 77. Kd4 Rf3 78. Nd5 Rg3 79. Ne3 Ne6+ 80. Kd3 Rf3 81. Ke2 Rf4 82. Kd3 Kh6 83. Rb5 Ng5 84. Rb4 Rf2 85. Rb5 Ra2 86. Nc4 Rh2 87. Ne5 Rh3+ 88. Kd4 Rg3 89. Rb7 Kg7 90. Ra7 Rb3 91. Nd3 Ne6+ 92. Kc4 Rb1 93. Ne5 Ng5 94. Kd4 Re1 95. Kd3 Kf6 96. Nd7+ Ke6 97. Nf8+ Ke5 98. Ra5+ Kf4 99. Ra6 Re3+ 100. Kc2 Kxg4 101. Nxg6 Rxe4 102. Rf6 Re7 103. Nh8 Rd7 104. Kb2 Kh5 105. Kb3 Re7 106. Nxf7 Nxf7 107. Kc4 Rd7 108. Rf1 Kg6 109. Kc5 Nh6 110. Kc6 Rd2 111. Kc5 Nf5 112. Kc6 Kf6 113. Re1 Nd4+ 114. Kc5 Ne2 115. Rh1 Rc2+ 116. Kd6 Rd2+ 117. Kc5 Ke5 118. Rh5+ Ke4 119. Rh4+ Nf4 120. Rh1 Nd3+ 121. Kc6 Ne5+ 122. Kc7 Kd5 123. Rc1 Nd3 124. Rh1 Ra2 125. Rh5+ Ne5 126. Kb6 Rb2+ 127. Kc7 Rb5 128. Rh1 Rc5+ 129. Kb7 Ra5 130. Kc7 Kc5 131. Rc1+ Nc4 132. Kd7 Ra6 133. Ke7 Kd4 134. Rd1+ Ke4 135. Re1+ Ne3 136. Kd7 Kd4 137. Rh1 Nf5 138. Rf1 Ke5 139. Rd1 Rh6 140. Kc7 Nd4 141. Rg1 Rc6+ 142. Kd7 Rc3 143. Rg5+ Nf5 144. Rg1 Rc4 145. Rg5 Rc5 146. Rg1 Kd5 147. Rd1+ Nd4 148. Ke7 Rc2 149. Kd7 Ra2 150. Ke7 Ra6 151. Kf7 Rb6 152. Ke7 Re6+ 153. Kf7 Re4 154. Kf6 Re2 155. Kf7 Rf2+ 1/2-1/2

[Event "Gibraltar Masters 10th"]
[Site "Caleta"]
[Date "2012.01.24"]
[Round "1"]
[White "Le, Quang Liem"]
[Black "Karim, Ismael"]
[Result "1-0"]
[WhiteElo "2714"]
[BlackElo "2405"]
[PlyCount "56"]
[EventDate "2012.01.24"]
[EventType "swiss"]
[EventRounds "10"]
[EventCountry "GGB"]
[SourceTitle "CBM 147"]
[Source "ChessBase"]
[SourceDate "2012.03.16"]
[SourceVersion "1"]
[SourceVersionDate "2012.03.16"]
[SourceQuality "1"]

1. d4 d5 2. c4 c6 3. Nf3 Nf6 4. Qb3 e6 5. Bg5 Nbd7 6. Nc3 Be7 7. e3 b6 8. cxd5 Nxd5 9. h4 h6 10. Nxd5 exd5 11. Bf4 Bb7 12. Bd3 c5 13. Bf5 Bc6 14. dxc5 bxc5 15. 0-0 0-0 16. Rfd1 Qb6 17. Qc2 Rad8 18. Rac1 a5 19. Qb3 Qa6 20. Bc7 Rc8 21. Bg3 Rcd8 22. Qc2 Rfe8 23. Bh7+ Kh8 24. Bd3 Qa7 25. b3 Bf8 26. Bf5 Nf6 27. Be5 d4 28. Nxd4 Rxd4 1-0

[Event "Arab Games"]
[Site "Doha"]
[Date "2011.12.15"]
[Round "3"]
[White "Karim, Ismael"]
[Black "Haddouche, Mohamed Amine"]
[Result "0-1"]
[WhiteElo "2405"]
[BlackElo "2386"]
[PlyCount "116"]
[EventDate "2011.12.13"]
[EventType "team-swiss"]
[EventRounds "9"]
[EventCountry "QAT"]
[SourceTitle "CBM 145 Extra"]
[Source "ChessBase"]
[SourceDate "2012.01.03"]
[SourceVersion "1"]
[SourceVersionDate "2012.01.03"]
[SourceQuality "1"]
[WhiteTeam "Morocco"]
[BlackTeam "Algeria"]
[WhiteTeamCountry "MAR"]
[BlackTeamCountry "ALG"]

1. e4 e5 2. Nf3 Nc6 3. Bc4 Nf6 4. Ng5 d5 5. exd5 Na5 6. Bb5+ c6 7. dxc6 bxc6 8. Bd3 h6 9. Ne4 Nd5 10. 0-0 Nf4 11. Be2 Be7 12. d3 Nxe2+ 13. Qxe2 0-0 14. Ng3 Bd6 15. Bd2 Nb7 16. Bc3 Re8 17. Nd2 Be6 18. Nde4 Bf8 19. Qf3 f6 20. Nf5 Kh7 21. Rfe1 Qd7 22. Nxh6 Be7 23. Qh5 g6 24. Qh4 Kg7 25. f4 Rh8 26. fxe5 f5 27. Nf6 Rxh6 28. Qxh6+ Kxh6 29. Nxd7 Bxd7 30. e6 Be8 31. Re3 g5 32. Rh3+ Bh5 33. Rf1 Kg6 34. Re3 f4 35. Ree1 Bg4 36. Be5 Nc5 37. d4 Nxe6 38. c4 Bb4 39. Rb1 Be2 40. Rf2 Bxc4 41. a3 Ba5 42. h4 Bb6 43. Rc1 Bd5 44. Rd1 g4 45. Bxf4 Bxd4 46. Rxd4 Nxd4 47. Be5 Nf5 48. Rf4 Nxh4 49. Rxg4+ Kf5 50. Rxh4 Kxe5 51. Kf2 a5 52. Ke3 Bxg2 53. Rh5+ Kd6 54. Kd4 Rb8 55. Rh6+ Kc7 56. Kc3 Bd5 57. b4 axb4+ 58. axb4 Kb6 0-1